000 00499nam a2200181Ia 4500
008 220216s9999 xx 000 0 und d
100 _aZhang Ping
245 0 _aCarbon-silica dual phase filler application to passenger tread compounds
260 _bRubber World
_c2002
300 _a43-51,54-55
650 _aCompounding
650 _aPassenger tread compounds
700 _aKutsovsky Yakov
700 _aLaube Stephen
700 _aMahmud Khaled
700 _aWang Meng-Jiao
942 _cJS
999 _c55199
_d55199